Genesis of South Asian Nuclear Deterrence ; pakistan's perspective (Record no. 299250)
[ view plain ]
| 000 -LEADER | |
|---|---|
| fixed length control field | 00403 a2200145 4500 |
| 001 - CONTROL NUMBER | |
| control field | 64177 |
| 020 ## - INTERNATIONAL STANDARD BOOK NUMBER | |
| International Standard Book Number | 9780195477160 |
| 082 ## - DEWEY DECIMAL CLASSIFICATION NUMBER | |
| Classification number | 621.3835 SAL |
| 090 ## - LOCALLY ASSIGNED LC-TYPE CALL NUMBER (OCLC); LOCAL CALL NUMBER (RLIN) | |
| -- | 37920 |
| -- | 37920 |
| 100 ## - MAIN ENTRY--PERSONAL NAME | |
| Personal name | Salik Naeem |
| 245 ## - TITLE STATEMENT | |
| Title | Genesis of South Asian Nuclear Deterrence ; pakistan's perspective |
| 260 ## - PUBLICATION, DISTRIBUTION, ETC. | |
| Place of publication, distribution, etc. | Karachi |
| Name of publisher, distributor, etc. | Oxford University Press |
| Date of publication, distribution, etc. | 2009 |
| 300 ## - PHYSICAL DESCRIPTION | |
| Extent | xiii, 324p ; Hb |
| 740 ## - ADDED ENTRY--UNCONTROLLED RELATED/ANALYTICAL TITLE | |
| Uncontrolled related/analytical title | Nuclear Deterrence |
| 942 ## - ADDED ENTRY ELEMENTS (KOHA) | |
| Institution code [OBSOLETE] | caenust |
| Call number prefix | 621.4835 SAL |
| Withdrawn status | Lost status | Damaged status | Not for loan | Collection code | Permanent Location | Current Location | Date acquired | Total Checkouts | Full call number | Barcode | Date last seen | Price effective from | Koha item type |
|---|---|---|---|---|---|---|---|---|---|---|---|---|---|
| College of Aeronautical Engineering (CAE) | College of Aeronautical Engineering (CAE) | 04/03/2017 | 621.4835 SAL | CAEG-6235 | 04/05/2017 | 04/05/2017 | Book |
